Most Populous One Word Countries - Statistics

General Stats
  • This quiz has been taken 2,577 times
    2,439 since last reset
  • The average score is 15 of 18
Answer Stats
Population Country % Correct
1,456 mil China
99%
1,401 mil India
99%
215 mil Brazil
94%
146 mil Russia
94%
278 mil Indonesia
89%
131 mil Mexico
88%
126 mil Japan
87%
84 mil Germany
86%
228 mil Pakistan
86%
214 mil Nigeria
84%
105 mil Egypt
82%
167 mil Bangladesh
79%
86 mil Iran
75%
86 mil Turkey
72%
99 mil Vietnam
71%
119 mil Ethiopia
70%
70 mil Thailand
70%
112 mil Philippines
68%
No matching quizzes found
Score Distribution
Percent of People with Each Score
Percentile by Number Answered
Your Score History
You have not taken this quiz since the last reset